اپندر ناتھ اشک / (Record no. 108917)

MARC details
000 -LEADER
fixed length control field 00926nam a22002537a 4500
005 - DATE AND TIME OF LATEST TRANSACTION
control field 20170123162346.0
010 ## - LIBRARY OF CONGRESS CONTROL NUMBER
LC control number B-012616
020 ## - INTERNATIONAL STANDARD BOOK NUMBER
Terms of availability 150.00
International Standard Book Number 8186232982
035 ## - SYSTEM CONTROL NUMBER
System control number B-012616
037 ## - SOURCE OF ACQUISITION
Source of stock number/acquisition Cen Lib/Ret
040 ## - CATALOGING SOURCE
Original cataloging agency DPL
Language of cataloging UR
082 ## - DEWEY DECIMAL CLASSIFICATION NUMBER
Classification number 843.08
Item number ا و پ
100 ## - MAIN ENTRY--PERSONAL NAME
Personal name جین،گیاں چند
9 (RLIN) 132895
245 ## - TITLE STATEMENT
Title اپندر ناتھ اشک /
Statement of responsibility, etc گیاں چند جین
246 ## - VARYING FORM OF TITLE
Title proper/short title Upender Nath Ashik /
Remainder of title by Gian Chand Jain
260 ## - PUBLICATION, DISTRIBUTION, ETC. (IMPRINT)
Place of publication, distribution, etc دہلی
Name of publisher, distributor, etc ایجوکیشنل پبلشنگ ہاؤس
Date of publication, distribution, etc 2000
270 ## - ADDRESS
City دہلی
Address ٣٠١٨، گلی عزیز الدین وکیل کچہ پنڈت لال کوان
Postal code 110006
300 ## - PHYSICAL DESCRIPTION
Extent 176p.
Dimensions 21cm(Hb)
650 ## - SUBJECT ADDED ENTRY--TOPICAL TERM
Topical term or geographic name as entry element ادب -- اردو
9 (RLIN) 132896
650 ## - SUBJECT ADDED ENTRY--TOPICAL TERM
Topical term or geographic name as entry element سوانح حیات - اپیندر ناتھ
9 (RLIN) 129554
650 ## - SUBJECT ADDED ENTRY--TOPICAL TERM
Topical term or geographic name as entry element Literature -- Urdu
9 (RLIN) 132897
650 ## - SUBJECT ADDED ENTRY--TOPICAL TERM
Topical term or geographic name as entry element Biography -- Upendra Nath
9 (RLIN) 132898
942 ## - ADDED ENTRY ELEMENTS (KOHA)
Source of classification or shelving scheme Dewey Decimal Classification
Koha item type Urdu Bks
Classification part 843.08
Call number suffix ا و پ
Holdings
Withdrawn status Lost status Damaged status Not for loan Home library Current library Date acquired Source of acquisition Cost, normal purchase price Total Checkouts Full call number Barcode Date last seen Copy number Cost, replacement price Price effective from Koha item type
        Central Library Central Library 11/02/2016 Cen Lib/Ret 150.00   843.08 ا و پ B-012616 11/02/2016 1 150.00 11/02/2016 Urdu Bks

© Delhi Public Library
Hit Counter
free hit counter